000 00413nam a2200145 i 4500
001 bg
100 1 _aBILICKI, Zbigniew
245 0 _aCharakter punktów osobliwych w prostym adiobatycznym kanale pionowym dla gazu doskonałego w przepływie w dół /
_cZ. Bilicki.
260 _aGdańsk,
_c1983.
040 _cBPK
041 _apol
080 _a533
942 _cKS
008 s pl f |000 0 pol
999 _c22361
_d22361
856 _uhttp://koha.tu.koszalin.pl/cgi-bin/koha/opac-detail.pl?biblionumber=22361
_yKatalog online BPK